| 000 | 00367nam a2200145Ia 4500 | ||
|---|---|---|---|
| 003 | LDD | ||
| 008 | 181029s9999 xx 000 0 und d | ||
| 040 | _cLDD | ||
| 100 | _aSingh, S.P. | ||
| 245 | 0 |
_aPolitical dimensions of India-USSR relations _cS.P. Singh |
|
| 260 |
_aNew Delhi _bAllied _c1987 |
||
| 300 | _aiii, 302p | ||
| 901 |
_a314 _b12-03-1996 |
||
| 942 |
_2ddc _cBK |
||
| 999 |
_c35860 _d35860 |
||